Primary school in Rural areas of Senegal, Africa
Salvato in:
| Autore principale: | |
|---|---|
| Altri autori: | |
| Natura: | Manoscritto Libro |
| Lingua: | slovacco inglese |
| Pubblicazione: |
Bratislava
2023
|
| Soggetti: | |
| Accesso online: | http://is.stuba.sk/zp/portal_zp.pl?podrobnosti=166718 |
| Tags: |
Nessun Tag, puoi essere il primo ad aggiungerne!!
|
MARC
| LEADER | 00000ntm a22000003a 4500 | ||
|---|---|---|---|
| 001 | stuzp94794 | ||
| 003 | SK-STU | ||
| 005 | 20231013095515.9 | ||
| 007 | ta | ||
| 008 | 150427s2015----xo-----f-mn---000-0-slo-d | ||
| 040 | |a STU |b slo | ||
| 041 | 0 | |a eng | |
| 100 | 1 | |a Sain Maturam Santosh, Madhu |u 051110 |4 aut |U FAD Fakulta architektúry a dizajnu |T FAD Ústav architektúry obytných budov |X 113278 |U A1110 |Y 392 |7 113278 | |
| 242 | 0 | 1 | |a Základná škola vo vidieckych oblastiach Senegalu v Afrike |y slo |
| 245 | 1 | 0 | |a Primary school in Rural areas of Senegal, Africa |
| 260 | |c 2023 |a Bratislava | ||
| 650 | 4 | |a Základná škola |2 slo | |
| 650 | 4 | |a Základná občianska vybavenosť |2 slo | |
| 650 | 4 | |a Ochrana a starostlivosť |2 slo | |
| 650 | 4 | |a Znalosť |2 slo | |
| 650 | 4 | |a Tradičná architektúra |2 slo | |
| 650 | 4 | |a vlastnávýstavba |2 slo | |
| 650 | 4 | |a Orientačný bod |2 slo | |
| 650 | 4 | |a Vidiek |2 slo | |
| 650 | 4 | |a Školiaci program |2 slo | |
| 650 | 4 | |a Knowledgeable |2 eng | |
| 650 | 4 | |a Traditional architecture |2 eng | |
| 650 | 4 | |a self constructing |2 eng | |
| 650 | 4 | |a Training program |2 eng | |
| 650 | 4 | |a Outdoor |2 eng | |
| 650 | 4 | |a Primary school |2 eng | |
| 650 | 4 | |a Basic amenities |2 eng | |
| 650 | 4 | |a protect and nurture |2 eng | |
| 650 | 4 | |a Landmark |2 eng | |
| 700 | 1 | |a Závodný, Ľubomír |4 ths |X 45410 |7 45410 | |
| 856 | 4 | |u http://is.stuba.sk/zp/portal_zp.pl?podrobnosti=166718 |u https://opac.crzp.sk/?fn=detailBiblioForm&sid=EC7951772ACC837B5F7AC7A56A1E | |